000 004620000a22001810004500
003 MACL
005 20151231132306.0
008 151231b xxu||||| |||| 00| 0 eng d
040 _aMACL
_cMACL
041 _aEnglish
082 _a310/NAI
100 _aNair, V Sukumaran
_925642
245 _aSwami Vivekananda
_bThe educator
260 _bSterling Publishers P Ltd
_c1987
_aNew Delhi
350 _a60
650 _aEducation
_925643
942 _cBK
_k370/NAI
_2ddc
999 _c33753
_d33753